| 000 | 00656nam a2200193Ia 4500 | ||
|---|---|---|---|
| 003 | GCL | ||
| 008 | 140319s9999 xx 000 0 ara d | ||
| 040 |
_aGCL / _cGCL |
||
| 082 | 0 | 4 |
_a155.455 _bش ط |
| 100 | 1 | _aشاكر عبدالحميد | |
| 245 | 1 | 0 |
_aالطفولة والابداع / _cشاكر عبدالحميد |
| 700 | 1 | _aقاسم على العراف | |
| 300 | _aمتعدد | ||
| 490 |
_aسلسلة الدراسات العلمية الموسمية المتخصصة _v0 |
||
| 650 | 0 | 4 | _aالاطفال الموهوبون |
| 650 | 0 | 4 | _aالاطفال - رعاية |
| 650 | 0 | 4 | _aالاطفال - اختبارات الذكاء |
| 942 |
_2ddc _cBK |
||
| 999 |
_c43693 _d43693 |
||